| 000 | 00586nam a2200181 i 4500 | ||
|---|---|---|---|
| 001 | 157625 | ||
| 003 | ES-MaACL | ||
| 005 | 20250822062555.0 | ||
| 008 | 990716s1868 fr |||| | fre d | ||
| 040 |
_aM-RAF _bspa _cM-RAF _dCCPB | B |
||
| 100 | 0 |
_aLetourneau, Charles. _971888 |
|
| 245 | 1 | 0 |
_aPhysiologie des passions / _cCh. Letourneau. |
| 260 |
_aParís : _bGermer Bailliere, _c1868. |
||
| 300 |
_a230 p. ; _c18 cm. |
||
| 650 | 7 |
_aPsicología _2embne _916540 |
|
| 852 |
_aES-MaACL _jF-12022 _z-- Enc. hol. _x-- Edic: Completar T260: (Imp. E. Martinet) |
||
| 999 |
_c157625 _d157625 |
||